00977nam a22002657a 4500003000200000005001700002008003200019020001800051040002300069082002900092100003400121245010200155246002200257260004500279300002000324500006400344500000600408590002900414650003500443650003500478910004000513942001200553952012900565999001700694 20241018134044.0210915b 2024 dr | 00| 0 spa d a9789945801972 aBPMSUbSpa.cBPMSU 4aRD863.5bF475c 20242221 a Figueroa, Dania Victoria d 13aEl caza estrellas :bcuando el cielo y la imaginación se encuentran /cDania Victoria Figueroa 13aEl caza estrellas aSanto Domingo :b[Sin Editorial], c2024 a24 p. ;c21 cm. aIncluye datos biográficos del autora en la contracubierta a  aInventariado, 2024/VM6  4aCuentos juveniles dominicanos  4aLiteratura juvenil dominicana  aVMateo V. Control de calidad BPMSU  2ddccBK 00102ddc40708CJ-DaBPMETbBPMETd2024-10-18l0oBPMSU CJD RD863.5 F475c 2024pBPMSU24100033r2024-10-18w2024-10-18yBK c14835d14835